[Event "HUN-chT2 Toth 1314"]
[Site "Hungary"]
[Date "2014.04.13"]
[Round "10.7"]
[White "Mocza, Attila"]
[Black "Radics, Laszlo2222"]
[Result "1/2-1/2"]
[WhiteElo "1928"]
[BlackElo "1971"]
[PlyCount "38"]
[EventDate "2013.09.08"]
[EventType "team-tourn"]
[EventRounds "11"]
[EventCountry "HUN"]
[SourceTitle "EXT 2016"]
[Source "ChessBase"]
[SourceDate "2015.10.08"]
[SourceVersion "1"]
[SourceVersionDate "2015.10.08"]
[SourceQuality "1"]
[WhiteTeam "Toth Laszlo II"]
[BlackTeam "Szentes"]
[WhiteTeamCountry "HUN"]
[BlackTeamCountry "HUN"]

1. e4 c5 2. Nf3 Nc6 3. d4 cxd4 4. Nxd4 e5 5. Nb5 d6 6. c4 a6 7. N5a3 f5 8. Nc3 Nf6 9. Bg5 Be7 10. Bxf6 Bxf6 11. Be2 0-0 12. 0-0 Nd4 13. Nc2 Be6 14. exf5 Nxe2+ 15. Qxe2 Bxf5 16. Ne3 Be6 17. Ncd5 Bg5 18. Rad1 Rc8 19. b3 Bxe3 1/2-1/2

[Event "HUN-chT2 Maroczy 1314"]
[Site "Hungary"]
[Date "2014.02.16"]
[Round "7"]
[White "Toth, Tamas3333"]
[Black "Mocza, Attila"]
[Result "1-0"]
[WhiteElo "1879"]
[BlackElo "1928"]
[PlyCount "95"]
[EventDate "2013.09.08"]
[EventType "team-tourn"]
[EventRounds "11"]
[EventCountry "HUN"]
[SourceTitle "EXT 2016"]
[Source "ChessBase"]
[SourceDate "2015.10.08"]
[SourceVersion "1"]
[SourceVersionDate "2015.10.08"]
[SourceQuality "1"]
[WhiteTeam "Hajduboszormeny"]
[BlackTeam "Toth Laszlo"]
[WhiteTeamCountry "HUN"]
[BlackTeamCountry "HUN"]

1. e4 d5 2. exd5 Nf6 3. d4 Nxd5 4. c4 Nb6 5. c5 Nd5 6. Bc4 c6 7. Qb3 e6 8. Nc3 Be7 9. Nf3 Nd7 10. 0-0 0-0 11. Re1 b6 12. Bxd5 exd5 13. Qa4 b5 14. Qc2 Re8 15. Bf4 Bf6 16. Rxe8+ Qxe8 17. Re1 Qd8 18. Qe2 Nf8 19. Qe3 Ne6 20. Be5 Bd7 21. Bxf6 Qxf6 22. Ne5 Rd8 23. Ne2 h6 24. f4 Qf5 25. Rf1 f6 26. Ng3 Qc2 27. Nxd7 Rxd7 28. Qxe6+ Rf7 29. Nf5 Qe4 30. Qxe4 dxe4 31. Re1 Kf8 32. Rxe4 Rd7 33. Nd6 Rd8 34. f5 a5 35. Kf2 a4 36. Ke3 Ra8 37. Kd3 a3 38. b3 g5 39. Re6 Kg7 40. Re7+ Kg8 41. Re8+ Rxe8 42. Nxe8 Kf7 43. Nd6+ Ke7 44. Ke4 h5 45. d5 Kd7 46. dxc6+ Kxc6 47. Kd4 h4 48. Ne4 1-0

[Event "HUN-chT2 Erkel 1011"]
[Site "Hungary"]
[Date "2010.11.07"]
[Round "5.8"]
[White "Novaky, Csaba"]
[Black "Mocza, Attila"]
[Result "1-0"]
[WhiteElo "2113"]
[BlackElo "1933"]
[PlyCount "71"]
[EventDate "2010.09.12"]
[EventType "team-tourn"]
[EventRounds "11"]
[EventCountry "HUN"]
[SourceTitle "EXT 2012"]
[Source "ChessBase"]
[SourceDate "2011.11.24"]
[SourceVersion "1"]
[SourceVersionDate "2011.11.24"]
[SourceQuality "1"]
[WhiteTeam "Barcza"]
[BlackTeam "Toth Laszlo"]
[WhiteTeamCountry "HUN"]
[BlackTeamCountry "HUN"]

1. e4 d5 2. exd5 Nf6 3. Nc3 Nxd5 4. Bc4 c6 5. d4 g6 6. Nf3 Bg4 7. h3 Bxf3 8. Qxf3 Nf6 9. Be3 Bg7 10. 0-0-0 0-0 11. g4 Nbd7 12. h4 Nb6 13. Bd3 Nbd5 14. Ne4 Nxe3 15. fxe3 Nxe4 16. Bxe4 Qb6 17. h5 c5 18. c3 cxd4 19. exd4 Rac8 20. Kb1 Rc7 21. Qh3 g5 22. h6 Bf6 23. Qd3 Rd8 24. Rhf1 Rdc8 25. Ka1 Rc4 26. Bxh7+ Kh8 27. Be4 Ra4 28. Bd5 Rf8 29. Qf5 Qb5 30. Qe4 Ra5 31. Rf5 Qa4 32. Rdf1 Ra6 33. a3 b5 34. Ba2 Rb6 35. Bb1 Re6 36. Re5 1-0